000 01137nam a22002417a 4500
003 NALT
005 20220829153012.0
008 s2547 th ||||| |||| 00| 0 tha d
020 _a9749661095
040 _aNALT
050 _aTK5105.884
_bฐ329อ 2547
100 0 _aฐิตารัตน์ รัชตะวรรณ
_955264
245 1 0 _aออกแบบและสร้างเว็บสวยด้วยตนเอง :
_bstep by step /
_cฐิตารัตน์ รัชตะวรรณ ; ดนุพล กิ่งสุคนธ์, บรรณาธิการ.
260 _aนนทบุรี :
_bไอดีซี อินโฟ ดิสทริบิวเตอร์ เซ็นเตอร์,
_c2547
300 _a305 หน้า :
_bภาพประกอบ ;
_c21 ซม.
650 4 _aอินเทอร์เน็ต
_93558
650 4 _aโฮมเพจ
_958879
650 4 _aเว็บไซต์
_912318
_xการออกแบบ
700 0 _aดนุพล กิ่งสุคนธ์
_914845
850 _aNALT
942 _cGB
_2lcc
998 _bphon
_j104
_k นางสาวสายฝน ดีงาม
999 _c44572
_d44572